Представление документа в формате RUSMARC

ПолеНазваниеЗначение
  Тип записи a
  Библиографический уровень m
001 Контрольный номер ef088ac399574bfc932361804adec077
005 Дата корректировки 20161020095456.4
010 Индекс ISBN __
a ISBN 978-5-98050-060-3
101 Язык документа 0_
a Язык текста rus
102 Страна публикации __
a Страна публикации RU
200 Заглавие и сведения об ответственности 1_
a Заглавие Гражданское право
b Общее обозначение материала Текст
e Сведения, относящиеся к заглавию учебник
f Первые сведения об ответственности под общ. ред. С. С. Алексеева
205 Сведения об издании __
a Основные сведения об издании 4-е изд.
210 Выходные данные 1_
a Место издания Москва
c Издательство Проспект
d Дата издания 2014
215 Физическое описание __
a Объем 440 с.
225 Серия 2_
a Серия Институт частного права
330 Аннотация __
a Аннотация Кратко изложен полный курс гражданского права для вузов. На основе всех 4-х частей Гражданского кодекса РФ в нём раскрываются закреплённые в Кодексе институты и юридические конструкции.
610 Ключевые слова 0_
a Ключевые слова гражданские правоотношения
a Ключевые слова физические лица
a Ключевые слова юридические лица
a Ключевые слова сделки
a Ключевые слова исковая давность
a Ключевые слова вещные права
a Ключевые слова право собственности
a Ключевые слова наследственное право
a Ключевые слова международное частное право
a Ключевые слова право интеллектуальной собственности
686 Индексы других классификаций __
a Классификационный индекс 67.404я73
701 Альтернативная интеллектуальная ответственность _1
a Фамилия Алексеев С. С.
4 Код отношения 070
701 Альтернативная интеллектуальная ответственность _1
a Фамилия Гонгало Б. М.
4 Код отношения 070
701 Альтернативная интеллектуальная ответственность _1
a Фамилия Мурзин
b Имя Д. В.
4 Код отношения 070
801 Источник записи _0
a Страна RU
b Организация РУК
g Правила каталогизации PSBO
801 Источник записи _1
a Страна RU
b Организация РУК
g Правила каталогизации PSBO
852 Данные о местонахождении __
i Авторский знак Г 75
j Шифр хранения 67.404
901 Тип документа __
t Тип документа m
937 Технологическая информация __
a Создатель записи (имя) Фомина
938 Служебная информация __
a Название организации Волгоградский филиал
952 Тип литературы __
b Гриф литературы для ВШ гриф
c Вид литературы учебник